000 00907cam a22001934a 4500
005 20250605164134.0
008 250528s ||||||||||||||||||||||||d
035 _a18699
020 _a415040191
040 _aGR-AtMCL
_bgre
_dGR-AtMCL
_eAACR2
245 1 _aThe Order of Things / An Archaeology of the Human Sciences
260 _bRouledge,
_c1992
300 _a390
520 _aThis book is not a ''history'' of the human science, but an analysis of their foundations, their substrata, a reflection on what makes them possible now, an archaeology of contemporary modes of thought. Foreword to the English Version, Preface, Las Meninas, The Prose of the World, Representing, Speaking, Classifying, Exchanging, The Limits of Representation, Labor and Life and Language, Man and His Doubles, The Human Sciences.
700 1 _aFoucault Michel
_9674
942 _cBK
999 _c4026
_d4026